Selección Argentina - Camisetas - Estadísticas

Estadísticas generales
  • Esta prueba ha sido intentada 44 veces
    28 desde el último reinicio
  • La puntuación promedio es 19 de 22
Estadísticas de respuestas
Imagen Hint Respuesta % Correcto
Copa del Mundo 1994
96%
Copa del Mundo 2018
96%
Copa del Mundo 2022
96%
Copa Ámerica 2024
96%
Copa del Mundo 1978
92%
Copa del Mundo 1986
92%
Copa del Mundo 1998
92%
Copa del Mundo 2002
92%
Copa del Mundo 2006
92%
Copa Ámerica 2011
92%
Copa del Mundo 2014
92%
Copa Ámerica 2021
92%
Copa del Mundo 2010
88%
Copa del Mundo 1990
84%
Copa Ámerica 2015
84%
Copa Ámerica 2019
84%
Copa del Mundo 2026
84%
Copa Ámerica 2004
80%
Copa Ámerica 2016
80%
Copa Ámerica 1997
72%
Copa Ámerica 2001
72%
Copa Ámerica 1999
68%
No se encontraron pruebas coincidentes
Distribución de puntuación
Porcentaje de gente con cada puntuación
Porcentaje por número respondido
Historial de tus puntuaciones
No has intentado esta prueba desde el último reinicio